| 000 | 00726 a2200181 4500 | ||
|---|---|---|---|
| 003 | Nust | ||
| 005 | 20230119133524.0 | ||
| 040 | _cNust | ||
| 082 | _a671.5212,LIN | ||
| 100 |
_aLincoln _9107097 |
||
| 245 |
_aNew Lessons in arc welding / _cLincoln Electric Company |
||
| 250 | _a2nd ed | ||
| 260 |
_aCleveland _c1957 |
||
| 300 |
_a1 v. (various pagings) _billus. _c23 cm. |
||
| 505 | _aArc Welding Theory and Techniques (Page-1), Arc Welding Machines (Page-2), Mild Steel Electronics (Page-3), Stainless Steel Electrodes (Page-4), Hardsurfacing Electrodes (Page-5), Cast Iron, Non Ferrous and Wash Coated Mild Steel Electrode (Page-6), Supplementary Data (Page-7). | ||
| 650 |
_aElectric welding. _943061 |
||
| 942 |
_2ddc _cBK |
||
| 999 |
_c190852 _d190852 |
||